000 00309nam a2200097Ia 4500
008 220120s9999||||xx |||||||||||||| ||und||
100 _aGagana b r, parvathy, sahana a t, rupith
_912746
245 0 _aSurveillence and black box for car
260 _aCoorg Institute of Technology
_bPonnampet
650 _aMECHANICAL
999 _c138346
_d138346